Compiling with C# and Java

שמור ב:
מידע ביבליוגרפי
מחבר ראשי: Terry, Pat
פורמט: ספר
שפה:Undetermined
יצא לאור: New York, N.Y. Pearson/Addison-Wesley 2005
נושאים:
תגים: הוספת תג
אין תגיות, היה/י הראשונ/ה לתייג את הרשומה!
Thư viện lưu trữ: Trung tâm Học liệu Trường Đại học Cần Thơ
LEADER 00548nam a2200193Ia 4500
001 CTU_124052
008 210402s9999 xx 000 0 und d
020 |c 1404000 
082 |a 005.133 
082 |b T329 
100 |a Terry, Pat 
245 0 |a Compiling with C# and Java 
245 0 |c Terry Pat 
260 |a New York, N.Y. 
260 |b Pearson/Addison-Wesley 
260 |c 2005 
650 |a C♯ ( Computer program language ),Java ( Computer program language ) 
904 |i Minh 
980 |a Trung tâm Học liệu Trường Đại học Cần Thơ